| 000 | 02966 a2200229 4500 | ||
|---|---|---|---|
| 001 | 10505 | ||
| 005 | 20260407155438.0 | ||
| 008 | 260407a2009 arg spa d | ||
| 003 | AR-UNSa-BCEJYS | ||
| 040 |
_aAR-UNSa-BCEJYS _bspa _cAR-UNSa-BCEJYS |
||
| 080 |
_a342 _xDerecho constitucional (Derecho Público) |
||
| 245 | 1 | 0 | _aManual de la constitución reformada |
| 250 | _a6a. reimp. | ||
| 264 | 1 |
_aBuenos Aires : _bEDIAR _c2009 |
|
| 300 |
_a3 v. _c22 cm. |
||
| 505 | _aVol. 1: 1. La estructura, el contenido y las fuentes del derecho constitucional - 2. La tipología de la Constitución - 3. La interpretación y la integración de la Constitución - 4. El sistema axiológico de la Constitución - 5. La supremacía y el control de la Constitución - 6. El poder constituyente - 7. El estado argentino y su encuadre constitucional - 8. La descentralización política y el federalismo - 9. El sistema de derechos - 10. La libertad y la igualdad jurídicas - 11. La libertad religiosa - Vol. 2: 12. La libertad de expresión - 13. El derecho a la educación y a la cultura - 14. Otros derechos y libertades - 15. Los nuevos derechos de los artículos 41 y 42 - 16. Los derechos implícitos - 17. El derecho de propiedad - 18. La expropiación - 19. La tributación y el poder tributario - 20. Los derechos sociales y el trabajo - 21. Los derechos gremiales - 22. La seguridad social - 23. Los derechos políticos - 24. La seguridad jurídica y el sistema de garantías - 25. Las limitaciones en el sistema de derechos - 26. El amparo - 27. El habeas data - 28. El habeas corpus - 29. El derecho de los tratados internacionales - Vol. 3: 30. La parte orgánica - 31. El Congreso - 32. El derecho parlamentario - 33. La competencia fuera del Congreso fuera del artículo 75 - 34. La competencia del Congreso en el artículo 75 - 35. La ley - 36. Las competencias privativas de cada Cámara - 37. El Poder Ejecutivo - 38. La competencia del Poder Ejecutivo - 39. Los órganos dependientes del Poder Ejecutivo - 40. El "Poder" militar - 41. Los nuevos órganos de control "extrapoderes" - 42. El Poder Judicial - 43. El Ministerio Público - 44. El Consejo de la Magistratura y el jurado de enjuiciamiento - 45. La administración de justicia - 46. El derecho judicial - 47. El control y la jurisdicción constitucionales - 48. La jurisdicción y la competencia de los Tribunales Federales - 49. La jurisdicción y la competencia originarias y exclusivas de la Corte Suprema - 50. La jurisdicción apelada "extraordinaria" de la Corte Suprema - 51. La jurisdicción supraestatal de la Corte Interamericana de derechos humanos - 52. El título segundo de la Constitución sobre "Gobiernos de Provincia" | ||
| 041 | _aspa | ||
| 942 | _cBK | ||
| 590 | _aniveau_biblio:m niveau_hierar:0 | ||
| 100 | 1 | _aBidart Campos, German J. | |
| 856 | 4 | 1 |
_uhttps://biblioeco.unsa.edu.ar/pmb/images/libros/Manual de la constitucion reformada2-l85916.jpg _yImagen de portada _qimage/jpeg |
| 999 |
_c467 _d467 |
||